|
|
|
|
| LEADER |
00000cam a2200000 7i4500 |
| 001 |
0000043655 |
| 005 |
20220105104138.0 |
| 008 |
141202 |
| 020 |
|
|
|a 9670414843
|
| 090 |
0 |
0 |
|a JP
|b REG MAL
|
| 100 |
0 |
|
|a Yusuf Dursun
|
| 245 |
1 |
0 |
|a Keberkatan doa
|c Yusuf Dursun
|
| 260 |
|
|
|a Selangor :
|b Darul Mughni Trading ,
|c 2013
|
| 500 |
|
|
|a Children age 4-6 years old (yellow)
|
| 650 |
|
0 |
|a Islamic prayers and devotions
|
| 650 |
|
0 |
|a Prayer
|x Islam
|
| 999 |
|
|
|a 0001297477
|b Book
|c Children Collection
|e Cawangan Muar
|
| 999 |
|
|
|a 0001297482
|b Book
|c Children Collection
|e Cawangan Mersing
|
| 999 |
|
|
|a 0001297483
|b Book
|c Children Collection
|e Cawangan Taman Universiti
|
| 999 |
|
|
|a 0001297485
|b Book
|c Children Collection
|e Cawangan Tmn. Ungku Tun Aminah
|
| 999 |
|
|
|a 0001297486
|b Book
|c Children Collection
|e Cawangan Pontian
|
| 999 |
|
|
|a 0001297488
|b Book
|c Children Collection
|e Cawangan Segamat
|
| 999 |
|
|
|a 0001297491
|b Book
|c Children Collection
|e Cawangan Bukit Gambir
|
| 999 |
|
|
|a 0001300802
|b Book
|c Children Collection
|e Cawangan Urban Transformation Centre
|
| 999 |
|
|
|a 0001300803
|b Book
|c Children Collection
|e Cawangan AEON Kulaijaya
|